| 000 | 00866nam a2200229Ia 4500 | ||
|---|---|---|---|
| 005 | 20220317001228.0 | ||
| 008 | 160825s2003 ck g 000 0 spa | ||
| 020 | _a9589298877 | ||
| 082 | 0 | 4 |
_a025.1 _bS25h |
| 245 | 1 | 0 |
_aArchivos de historias laborales, memorias _cSeminario sobre Archivos de Historias Laborales (2001 nov. : Bogota) |
| 250 | _a1a. edición | ||
| 300 |
_a211 páginas _c23 cm |
||
| 610 |
_aArchivo General de la Nación (Colombia) _967917 |
||
| 650 | 1 |
_2LEMB _aTrabajo _vSeminario _xRecursos de archivo _zColombia |
|
| 650 | 1 |
_2LEMB _aClase trabajadora _vSeminario _xRecursos de archivo _zColombia |
|
| 942 |
_2ddc _cBK |
||
| 264 |
_aBogotá _bArchivo General de la Nación _c2003 |
||
| 336 |
_atexto _btxt _2rdacontent |
||
| 337 |
_asin mediación _bn _2rdamedia |
||
| 338 |
_avolumen _bnc _2rdacarrier |
||
| 040 |
_aCO-BoRNBP _bspa _erda _cCO-BoRNBP |
||
| 999 |
_c6316 _d6316 |
||